000 00483nam a2200193Ia 4500
005 20250326123811.0
008 250326s9999 xx 000 0 und d
037 _aTextbook
040 _aFMSL
_beng
_cFMSL
041 _aeng
_2eng
084 _aS K81
_qFMSL
100 _aHurlock E B
245 0 _aDevelopmental psychology
_cHurlock E B
250 _a3
260 _aNY
_bNY, McGraw-Hill
_c1968
300 _a926p
942 _cTB
_hS K81
999 _c1271011
_d1271011